[Event "Open Vitrolles 2019-2020"]
[Site "Vitrolles"]
[Date "2019.11.30"]
[Round "3.2"]
[White "Scamaroni, Jean-Paul"]
[Black "Maccagno, Gilbert"]
[Result "1-0"]
[WhiteElo "1473"]
[BlackElo "1366"]
[PlyCount "82"]

1. d4 d5 2. c4 Nf6 3. Nc3 e6 4. Bg5 Bb4 5. e3 O-O 6. Nf3 Nbd7 7. Bd3 h6 8. Bh4
Be7 9. O-O c5 10. cxd5 Nxd5 11. Bxe7 Qxe7 12. Rc1 b6 13. Nxd5 exd5 14. Bb1 c4
15. Qc2 Nf6 16. Nd2 Bg4 17. Rfe1 Rfe8 18. f3 Bh5 19. Qc3 Bg6 20. Bxg6 fxg6 21.
e4 b5 22. b4 Qf7 23. e5 Nd7 24. Nf1 Nf8 25. Ne3 Rad8 26. Rf1 Qe6 27. f4 Rd7 28.
f5 gxf5 29. Nxf5 Nh7 30. Nd6 Rb8 31. Rf2 a6 32. Rcf1 Rf8 33. Rxf8+ Nxf8 34. Qf3
Ng6 35. g3 Rc7 36. h4 Nh8 37. Qf8+ Kh7 38. Ne8 Rf7 39. Rxf7 Qxf7 40. Qxf7 Nxf7
41. Kf1 Nd8 1-0

[Event "Open Vitrolles 2019-2020"]
[Site "Vitrolles"]
[Date "2019.11.30"]
[Round "3.3"]
[White "Midoux, Malicia"]
[Black "Chauvet, Joelle"]
[Result "1/2-1/2"]
[WhiteElo "1127"]
[BlackElo "1333"]
[PlyCount "42"]

1. d4 d5 2. Bf4 e6 3. e3 Nf6 4. Nf3 Bd6 5. Bg3 O-O 6. Bd3 Ne4 7. Bxe4 dxe4 8.
Nfd2 Bxg3 9. hxg3 f5 10. c4 Nc6 11. Nc3 b6 12. Rc1 Nb4 13. Kf1 Bb7 14. Ne2 Rc8
15. a3 Nc6 16. Nf4 Rf6 17. d5 exd5 18. Nxd5 Rd6 19. Qh5 Rh6 20. Qxh6 gxh6 21.
Rc2 Kg7 1/2-1/2

[Event "Open Vitrolles 2019-2020"]
[Site "Vitrolles"]
[Date "2019.11.30"]
[Round "3.4"]
[White "Corrias, Robert"]
[Black "Delporte, Clement"]
[Result "1/2-1/2"]
[WhiteElo "1546"]
[BlackElo "1276"]
[PlyCount "78"]

1. Nf3 d5 2. e3 c5 3. d4 cxd4 4. exd4 Nf6 5. Nc3 Bf5 6. Bb5+ Nbd7 7. O-O a6 8.
Ba4 b5 9. Bb3 e6 10. Re1 Bb4 11. Bg5 Bxc3 12. bxc3 Qc7 13. Nh4 Bg6 14. f3 Qxc3
15. Nxg6 hxg6 16. Re3 Qc7 17. g3 Kf8 18. Qd2 Rh5 19. Rc3 Qb6 20. Rd3 Ne5 21.
Rc3 Rxg5 22. Qxg5 Nxf3+ 23. Rxf3 Qxd4+ 24. Kg2 Qxa1 25. Qe3 Nd7 26. Qxe6 Ne5
27. Bxd5 Ra7 28. Qc8+ Ke7 29. Qc5+ Kd8 30. Rc3 Nd7 31. Qd4 Rc7 32. Qh4+ Nf6 33.
Qh8+ Kd7 34. Rxc7+ Kxc7 35. Qxg7 Qc3 36. Qxf7+ Kb6 37. Bb3 Qd2+ 38. Kh3 Qh6+
39. Kg2 Qd2+ 1/2-1/2

[Event "Open Vitrolles 2019-2020"]
[Site "Vitrolles"]
[Date "2019.11.30"]
[Round "3.5"]
[White "Mars, Florence"]
[Black "Estevez, Ange"]
[Result "0-1"]
[WhiteElo "1272"]
[BlackElo "1460"]
[PlyCount "81"]

1. e4 e5 2. Nf3 Nc6 3. d4 exd4 4. Nxd4 Nf6 5. Nc3 Bb4 6. Nxc6 bxc6 7. Bd3 O-O
8. O-O Re8 9. Bd2 d6 10. Re1 Bg4 11. f3 Bh5 12. a3 Bc5+ 13. Be3 Bxe3+ 14. Rxe3
Bg6 15. Re2 Nd7 16. Qd2 Ne5 17. Rae1 Qb8 18. Nd1 Qb6+ 19. Qe3 Rab8 20. Qxb6
Rxb6 21. Rd2 Reb8 22. Bf1 Nd7 23. b4 Re8 24. Kf2 h5 25. Bc4 Ne5 26. Bb3 Ra8 27.
h3 a5 28. f4 Nd7 29. c3 axb4 30. axb4 Ra3 31. Ba2 Rba6 32. Bc4 Ra8 33. e5 d5
34. e6 fxe6 35. Rxe6 Be4 36. Rxc6 Nb6 37. Rxc7 Nxc4 38. Re2 Ra2 39. Ne3 Rxe2+
40. Kxe2 Ra2+ 41. Kf1 0-1

[Event "Open Vitrolles 2019-2020"]
[Site "Vitrolles"]
[Date "2019.11.30"]
[Round "3.6"]
[White "Porte, Jacques"]
[Black "Cens, Alain"]
[Result "1-0"]
[WhiteElo "1216"]
[BlackElo "1428"]
[PlyCount "63"]

1. d4 d5 2. c4 c6 3. Nc3 e6 4. Nf3 Bd6 5. e3 f5 6. Bd3 Nf6 7. O-O O-O 8. Re1
Ne4 9. cxd5 exd5 10. Ne5 Nd7 11. f4 Ndf6 12. Nxe4 Nxe4 13. a3 g5 14. g3 g4 15.
Bd2 Kg7 16. b4 h5 17. Bxe4 dxe4 18. Bc3 Bxe5 19. dxe5 Be6 20. Qd6 Kf7 21. Red1
Qe7 22. Qxe7+ Kxe7 23. Bd4 b6 24. Rac1 Bd5 25. Bb2 Rfd8 26. Bd4 Ke6 27. Kg2 Ke7
28. Rd2 Ke6 29. h3 Rh8 30. Rh1 Bc4 31. Rc2 Bd5 32. Kg1 1-0

[Event "Open Vitrolles 2019-2020"]
[Site "Vitrolles"]
[Date "2019.11.30"]
[Round "3.7"]
[White "Bregier, Gerard"]
[Black "Misene, Milan"]
[Result "1-0"]
[WhiteElo "1395"]
[BlackElo "1271"]
[PlyCount "81"]

1. d4 Nf6 2. Bf4 d5 3. Nc3 e6 4. e3 a6 5. Bd3 Nc6 6. Nf3 Be7 7. Ne5 Nxe5 8.
dxe5 Nd7 9. h4 Nc5 10. Be2 Bd7 11. Bf3 Bc6 12. Qd4 b5 13. Bg3 b4 14. Ne2 Bb5
15. Qg4 g6 16. Nd4 Bd7 17. O-O-O a5 18. Bf4 h5 19. Qg3 a4 20. Kb1 f6 21. Qxg6+
Kf8 22. Bh6+ Rxh6 23. Qxh6+ Kg8 24. Bxh5 Qf8 25. Qxf8+ Kxf8 26. Rh3 Ne4 27. Rf3
Kg7 28. exf6+ Nxf6 29. Rg3+ Kh8 30. Bf7 e5 31. Nf3 e4 32. Ne5 Bd6 33. Nxd7 Nxd7
34. Rxd5 Nf6 35. Rxd6 cxd6 36. Rg6 Ne8 37. Rg8+ Kh7 38. Rxe8 Rxe8 39. Bxe8 Kg7
40. Bxa4 Kf6 41. g4 1-0

[Event "Open Vitrolles 2019-2020"]
[Site "Vitrolles"]
[Date "2019.11.30"]
[Round "3.8"]
[White "Hamm, Gabrielle"]
[Black "Benoit-Lizon, Alain"]
[Result "1-0"]
[WhiteElo "1224"]
[BlackElo "1381"]
[PlyCount "109"]

1. e4 d6 2. d4 Nf6 3. Nc3 Nbd7 4. Nf3 e5 5. Bc4 Be7 6. O-O O-O 7. Be3 c6 8. d5
Ng4 9. h3 Nxe3 10. fxe3 Qb6 11. Qd2 Nf6 12. Nh2 Bd7 13. Rf3 Qd8 14. Raf1 b5 15.
dxc6 Bxc6 16. Bd5 Rc8 17. Qf2 b4 18. Ne2 Qe8 19. Ng3 Nxd5 20. exd5 Bxd5 21. e4
Bc4 22. Rd1 d5 23. exd5 Bc5 24. Re3 Bxe3 25. Qxe3 a5 26. d6 Qb5 27. Nf3 Qc5 28.
Qxc5 Rxc5 29. d7 Rd8 30. Ne4 Rd5 31. Rxd5 Bxd5 32. Nc5 f6 33. Kf2 Bc6 34. Ke3
Bxd7 35. Nd2 Bf5 36. Nb7 Rd5 37. Nc4 Bxc2 38. Ncxa5 Rd3+ 39. Ke2 e4 40. Nc6 b3
41. a4 Bd1+ 42. Ke1 e3 43. a5 Bc2 44. a6 Rd1+ 45. Ke2 Ra1 46. a7 Be4 47. Nba5
Bxc6 48. Nxc6 Ra6 49. Kxe3 Kf7 50. Kd4 Ra2 51. Kc5 Rxb2 52. a8=Q Rc2+ 53. Kb4
b2 54. Qa2+ Kg6 55. Qb1 1-0

[Event "Open Vitrolles 2019-2020"]
[Site "Vitrolles"]
[Date "2019.11.30"]
[Round "3.9"]
[White "Briquet, Xavier"]
[Black "Piquemal, Jean Christophe"]
[Result "1-0"]
[WhiteElo "1376"]
[BlackElo "1143"]
[PlyCount "82"]

1. e4 d5 2. exd5 Nf6 3. c4 e6 4. dxe6 Bxe6 5. Nf3 Nc6 6. Nc3 Qd7 7. d4 Qe7 8.
Be3 Bg4 9. Be2 O-O-O 10. d5 Qb4 11. Qc2 Na5 12. b3 Bc5 13. O-O Rhe8 14. Bxc5
Qxc5 15. Rfe1 h6 16. Rab1 Qb4 17. h3 Bh5 18. Kf1 c6 19. Rbd1 Kb8 20. dxc6 Nxc6
21. Nd5 Nxd5 22. cxd5 Bg6 23. Bd3 Nd4 24. Nxd4 Rxe1+ 25. Rxe1 Qxd4 26. Bxg6
fxg6 27. Qxg6 Qxd5 28. Qxg7 Qd2 29. Qe7 Qd3+ 30. Kg1 Rc8 31. Qe6 h5 32. Qe5+
Ka8 33. Qxh5 a6 34. Qg4 Rc2 35. a3 Qxb3 36. Re8+ Ka7 37. Qd4+ Qb6 38. Ra8+ Kxa8
39. Qxb6 Rc1+ 40. Kh2 Ra1 41. Qd6 Ka7 1-0

[Event "Open Vitrolles 2019-2020"]
[Site "Vitrolles"]
[Date "2019.11.30"]
[Round "3.10"]
[White "Frailinu, Jean-Bernard"]
[Black "Biard, Noah"]
[Result "1-0"]
[WhiteElo "1364"]
[BlackElo "1203"]
[PlyCount "79"]

1. c4 c5 2. Nf3 g6 3. Nc3 Bg7 4. g3 Nc6 5. Bg2 d6 6. O-O Nf6 7. d4 cxd4 8. Nxd4
O-O 9. Nxc6 bxc6 10. Bxc6 Bh3 11. Bg2 Bxg2 12. Kxg2 Qb6 13. f3 Rac8 14. Qd3 Qc5
15. b3 d5 16. Be3 Qc7 17. Nb5 dxc4 18. bxc4 Qxc4 19. Qxc4 Rxc4 20. Rac1 Ra4 21.
Rc2 Nd5 22. Bg1 Nb4 23. Rc7 a6 24. Na7 e6 25. Rc4 Rb8 26. Nc6 Rb6 27. Bxb6 Bf8
28. a3 Rxa3 29. Nxb4 Ra4 30. Rb1 a5 31. Bxa5 Rxa5 32. Rc8 Rb5 33. Rb2 Kg7 34.
Nd3 Rd5 35. Rb7 Ra5 36. Rcc7 Kh6 37. Rxf7 Bd6 38. Rxh7+ Kg5 39. h4+ Kf5 40.
Rbf7# 1-0

[Event "Open Vitrolles 2019-2020"]
[Site "Vitrolles"]
[Date "2019.11.30"]
[Round "3.11"]
[White "Guisset, Andre"]
[Black "Schoeni, Christine"]
[Result "1-0"]
[WhiteElo "1448"]
[BlackElo "1199"]
[PlyCount "139"]

1. Nf3 d6 2. d4 e6 3. c4 Nf6 4. Nc3 Be7 5. g3 O-O 6. Bg2 c6 7. O-O Nbd7 8. b3
d5 9. Bb2 c5 10. cxd5 exd5 11. dxc5 Nxc5 12. Rc1 Nce4 13. Nd4 Nxc3 14. Bxc3 Ne4
15. h3 Bg5 16. Rc2 Nxc3 17. Rxc3 Bf6 18. Rd3 Rb8 19. Kh2 Re8 20. Re1 Be5 21.
Nf3 Bf5 22. Rxd5 Qf6 23. Nxe5 Rbd8 24. Ng4 Bxg4 25. hxg4 b6 26. Kg1 Kf8 27. Bf3
g6 28. Rxd8 Qxd8 29. Qxd8 Rxd8 30. e3 Rd2 31. Re2 Rd6 32. Rc2 a5 33. Bc6 Rd1+
34. Kg2 Kg7 35. Bb5 Rd5 36. a4 Rd6 37. Rc6 Rd2 38. Rxb6 Rb2 39. Bc4 h6 40. Rb7
Kf6 41. Rxf7+ Kg5 42. Kf3 h5 43. gxh5 Kxh5 44. Rh7+ Kg5 45. Ra7 Rd2 46. Rxa5+
Kh6 47. Rd5 Rb2 48. a5 Ra2 49. a6 Kg7 50. Rd8 Ra5 51. a7 Rxa7 52. Rd7+ Rxd7 53.
Ke4 Re7+ 54. Kd4 Kf6 55. b4 Rd7+ 56. Kc3 Ke7 57. f4 Kf6 58. g4 Re7 59. Kd4 Rd7+
60. Ke4 Re7+ 61. Kf3 Rd7 62. Be2 Rb7 63. b5 Rh7 64. g5+ Ke6 65. Bd3 Rh3+ 66.
Ke4 Rh8 67. b6 Kd6 68. Kd4 Rg8 69. Be4 Ke6 70. Bd5+ 1-0

[Event "Open Vitrolles 2019-2020"]
[Site "Vitrolles"]
[Date "2019.11.30"]
[Round "3.12"]
[White "Rannou, Danielle"]
[Black "Hamm, Rodrigue"]
[Result "0-1"]
[WhiteElo "1199"]
[BlackElo "1050"]
[PlyCount "75"]

1. Nc3 e5 2. e4 Nc6 3. Nf3 Nf6 4. a3 d5 5. exd5 Nxd5 6. Nxd5 Qxd5 7. Qe2 Bc5 8.
d3 O-O 9. c4 Qd6 10. Be3 Bxe3 11. Qxe3 Bg4 12. Nd2 Qd4 13. Qxd4 Nxd4 14. Rc1
Rad8 15. f3 Bf5 16. Ne4 Bxe4 17. fxe4 f5 18. Be2 fxe4 19. dxe4 Rf4 20. Bd3 Nb3
21. Rd1 Nc5 22. Bc2 Rxd1+ 23. Kxd1 Nxe4 24. Bxe4 Rxe4 25. b3 Rd4+ 26. Kc2 Kf7
27. Kc3 Ke6 28. Re1 Rg4 29. g3 c5 30. b4 cxb4+ 31. axb4 h5 32. Re3 g5 33. Kd3
b5 34. Re4 Rxe4 35. Kxe4 bxc4 36. Ke3 Kd5 37. Kd2 Kd4 38. h3 0-1

[Event "Open Vitrolles 2019-2020"]
[Site "Vitrolles"]
[Date "2019.11.30"]
[Round "3.13"]
[White "Besson, Catherine"]
[Black "Bui, Kerian"]
[Result "1-0"]
[WhiteElo "1062"]
[BlackElo "1009"]
[PlyCount "89"]

1. e4 e5 2. Nf3 Nc6 3. d4 exd4 4. Nxd4 Nxd4 5. Qxd4 Nf6 6. e5 Nh5 7. g4 Qe7 8.
gxh5 d6 9. Be2 dxe5 10. Qe3 Qb4+ 11. Qd2 Qxd2+ 12. Bxd2 Bc5 13. Nc3 O-O 14. Ne4
Be7 15. O-O-O Bh3 16. Rhg1 Bf5 17. Bd3 Be6 18. Kb1 f5 19. Ng5 e4 20. Nxe6 Rf7
21. Bc4 c6 22. Nxg7 b5 23. Nxf5+ Kf8 24. Bh6+ Ke8 25. Bxf7+ Kxf7 26. Rg7+ Kf6
27. Nxe7 Rf8 28. Rd6+ Ke5 29. Rxc6 Rd8 30. c3 Rd6 31. Rxd6 Kxd6 32. Rxh7 a5 33.
Kc2 Kc5 34. Be3+ Kc4 35. Nc6 a4 36. Na5+ Kd5 37. Rg7 Ke5 38. h6 Kf6 39. Bd4+
Kf5 40. h7 Kf4 41. h8=Q Kf3 42. Qh3+ Kf4 43. Rf7+ Kg5 44. Be3+ Kg6 45. Qh7# 1-0

[Event "Open Vitrolles 2019-2020"]
[Site "Vitrolles"]
[Date "2019.12.14"]
[Round "4.1"]
[White "Chauvet, Joelle"]
[Black "Scamaroni, Jean-Paul"]
[Result "1/2-1/2"]
[WhiteElo "1333"]
[BlackElo "1473"]
[PlyCount "95"]

1. d4 Nf6 2. c4 c5 3. e3 g6 4. Nf3 Bg7 5. Nc3 cxd4 6. exd4 O-O 7. Bd3 d5 8. c5
Nc6 9. O-O Bg4 10. Be2 Re8 11. a3 a6 12. b4 Ne4 13. Nxe4 dxe4 14. Ne5 Bxe2 15.
Qxe2 Nxe5 16. dxe5 Bxe5 17. Rb1 f5 18. Bb2 Bxb2 19. Rxb2 Qc7 20. Rd1 Rad8 21.
Rbd2 Rxd2 22. Qc4+ e6 23. Rxd2 Qe5 24. Qd4 Qxd4 25. Rxd4 Re7 26. Kf1 Kf7 27.
Ke2 Rc7 28. Rd6 Ke7 29. h3 Rd7 30. Rb6 Rc7 31. Ke3 e5 32. f3 exf3 33. gxf3 Kd8
34. Re6 Re7 35. Rd6+ Kc7 36. a4 e4 37. f4 Rd7 38. Rf6 Rd3+ 39. Ke2 Rxh3 40. b5
Rc3 41. b6+ Kc8 42. Rf8+ Kd7 43. Rf7+ Kc8 44. Rc7+ Kb8 45. Kd2 Rd3+ 46. Kc2 Ra3
47. Rxh7 Kc8 48. Rc7+ 1/2-1/2

[Event "Open Vitrolles 2019-2020"]
[Site "Vitrolles"]
[Date "2019.12.14"]
[Round "4.2"]
[White "Thiers, Jean-Jacques"]
[Black "Mezadourian, Nicolas"]
[Result "1/2-1/2"]
[WhiteElo "1395"]
[BlackElo "1461"]
[PlyCount "95"]

1. e4 e5 2. Nf3 Nc6 3. Bb5 a6 4. Ba4 Nf6 5. d3 b5 6. Bb3 Be7 7. O-O O-O 8. Re1
d6 9. c3 Na5 10. Bc2 c5 11. h3 Bd7 12. Nbd2 Qc7 13. Nf1 Rfc8 14. Ne3 Nc6 15.
Bb3 Na5 16. Nd5 Nxd5 17. Bxd5 Bc6 18. Bxc6 Nxc6 19. Ng5 Bxg5 20. Bxg5 Nd8 21.
c4 Ne6 22. Be3 b4 23. Rf1 a5 24. g4 Qd8 25. f4 Qh4 26. Kg2 exf4 27. Bxf4 Nxf4+
28. Rxf4 Rf8 29. Qf3 Qe7 30. Rf1 Ra7 31. Kg3 Qe5 32. Kg2 Qxb2+ 33. Rf2 Qc3 34.
Qd1 a4 35. Rc2 Qa3 36. Rff2 b3 37. Rb2 Rb7 38. d4 Rfb8 39. e5 cxd4 40. Qxd4
dxe5 41. Qxe5 Qf8 42. Rf3 a3 43. Rbxb3 Rxb3 44. axb3 a2 45. Qb2 Ra8 46. Rf1 Qe7
47. Ra1 Qe4+ 48. Kg3 1/2-1/2

[Event "Open Vitrolles 2019-2020"]
[Site "Vitrolles"]
[Date "2019.12.14"]
[Round "4.3"]
[White "Bregier, Gerard"]
[Black "Chabaud, Philippe"]
[Result "1/2-1/2"]
[WhiteElo "1395"]
[BlackElo "1461"]
[PlyCount "62"]

1. d4 Nf6 2. Bf4 d5 3. Nc3 Bf5 4. f3 c6 5. g4 Bg6 6. h4 h5 7. g5 Nh7 8. e4 e6
9. Bd3 dxe4 10. Nxe4 Qxd4 11. Ne2 Qd7 12. Qd2 a5 13. Bxb8 Rxb8 14. Qxa5 Be7 15.
Qe5 O-O 16. Nc5 Bxc5 17. Bxg6 fxg6 18. Qxc5 Rxf3 19. Rd1 Rf5 20. Qd6 Qxd6 21.
Rxd6 Nf8 22. Nd4 Rd5 23. Rxd5 exd5 24. Kd2 Re8 25. Re1 Rxe1 26. Kxe1 Nd7 27. c3
Kf7 28. b4 Ne5 29. a4 Ke7 30. Ke2 Kd6 31. a5 Nd7 1/2-1/2

[Event "Open Vitrolles 2019-2020"]
[Site "Vitrolles"]
[Date "2019.12.14"]
[Round "4.4"]
[White "Estevez, Ange"]
[Black "Frailinu, Jean-Bernard"]
[Result "0-1"]
[WhiteElo "1460"]
[BlackElo "1365"]
[PlyCount "118"]

1. e4 c5 2. Nf3 e6 3. c4 Nc6 4. Nc3 Nge7 5. d3 d5 6. exd5 exd5 7. Bg5 Be6 8.
Be2 f6 9. Bf4 Ng6 10. Bg3 Be7 11. O-O O-O 12. Re1 d4 13. Nb5 Bf7 14. a4 a6 15.
Na3 Re8 16. Bf1 Bd6 17. Qd2 Bxg3 18. hxg3 Qc7 19. Nc2 Nge5 20. Nxe5 Nxe5 21. b4
b6 22. bxc5 bxc5 23. Rab1 Rab8 24. a5 Bg6 25. Na3 Rxb1 26. Rxb1 Rb8 27. Qc2 Nc6
28. Rxb8+ Qxb8 29. Qa4 Qc7 30. Be2 Ne5 31. Qb3 Nd7 32. Qa4 Kf8 33. Nc2 Ke7 34.
Ne1 Be8 35. Qb3 Qxa5 36. Nf3 Qb4 37. Qxb4 cxb4 38. Nxd4 Nc5 39. Kf1 g6 40. Ke1
a5 41. Kd2 Kd6 42. f4 a4 43. Bd1 Kc7 44. g4 Kb6 45. f5 a3 46. Bb3 Ka5 47. Kc2
Na4 48. fxg6 hxg6 49. Ne6 Bd7 50. Nf8 Bxg4 51. Nxg6 Nc3 52. Kd2 a2 53. Bxa2
Nxa2 54. d4 b3 55. Nf4 Bf5 56. Nd3 Ka4 57. Nc5+ Ka3 58. Nxb3 Kxb3 59. c5 Be4
0-1

[Event "Open Vitrolles 2019-2020"]
[Site "Vitrolles"]
[Date "2019.12.14"]
[Round "4.5"]
[White "Maccagno, Gilbert"]
[Black "Porte, Jacques"]
[Result "1-0"]
[WhiteElo "1366"]
[BlackElo "1216"]
[PlyCount "204"]

1. e4 d5 2. exd5 Qxd5 3. Nc3 Qd6 4. Nf3 e6 5. a3 Nf6 6. Be2 Be7 7. d4 a6 8. h3
O-O 9. Be3 Nbd7 10. O-O b5 11. b4 Bb7 12. Qd2 Nd5 13. Nxd5 Bxd5 14. c3 f6 15.
Qd1 Rad8 16. Rc1 Nb6 17. Re1 Nc4 18. Bxc4 bxc4 19. Qe2 Qc6 20. Ra1 Be4 21. Bf4
Bxf3 22. gxf3 e5 23. Bg3 Bd6 24. Qe4 Qd7 25. Kg2 c6 26. d5 f5 27. Qxc4 f4 28.
dxc6+ Qf7 29. Qxf7+ Rxf7 30. Bh2 Rc8 31. c4 Rxc6 32. c5 Bc7 33. Rad1 Kf8 34.
Rd5 g5 35. a4 Ke8 36. b5 axb5 37. axb5 Re6 38. Ra1 Rd7 39. Rxd7 Kxd7 40. Ra7
Kd8 41. b6 Bxb6 42. cxb6 Rxb6 43. Rxh7 Rg6 44. Rh8+ Kd7 45. Ra8 Ke7 46. Ra7+
Kf8 47. Kf1 Re6 48. Ra4 Kf7 49. Kg1 Rd6 50. Kg2 Kg7 51. Ra7+ Kf6 52. Rh7 Kg6
53. Rh8 Kf7 54. h4 Kg7 55. Rh5 Rg6 56. hxg5 Re6 57. Kh3 Ra6 58. Kg4 Ra2 59. Kf5
Rxf2 60. Rh3 Rg2 61. Kxe5 Rxg5+ 62. Kxf4 Kf6 63. Ke3 Ra5 64. Bc7 Rb5 65. Rg3
Rb3+ 66. Kd4 Kf5 67. Kc4 Rb7 68. Bd6 Rb1 69. f4 Rd1 70. Be5 Rc1+ 71. Rc3 Rd1
72. Rd3 Rc1+ 73. Kd4 Rb1 74. Ke3 Re1+ 75. Kf3 Rh1 76. Rd5 Rh3+ 77. Kg2 Rb3 78.
Ra5 Ke6 79. Ra6+ Kd5 80. Rd6+ Ke4 81. Rd4+ Kf5 82. Ra4 Rd3 83. Kf2 Rh3 84. Ra5
Ke6 85. Ra4 Kf5 86. Ke2 Rb3 87. Rd4 Rb5 88. Kd3 Rb3+ 89. Kc4 Rb7 90. Kc5 Rb1
91. Kd6 Rb6+ 92. Kd7 Rb7+ 93. Kc8 Rb1 94. Rc4 Rd1 95. Rc5 Ke4 96. Bc7 Rh1 97.
f5 Rh5 98. Re5+ Kd4 99. Kd7 Rh7+ 100. Re7 Rh6 101. Be5+ Kc4 102. f6 Kd5 1-0

[Event "Open Vitrolles 2019-2020"]
[Site "Vitrolles"]
[Date "2019.12.14"]
[Round "4.6"]
[White "Guisset, Andre"]
[Black "Hamm, Gabrielle"]
[Result "1-0"]
[WhiteElo "1448"]
[BlackElo "1224"]
[PlyCount "91"]

1. Nf3 c5 2. c4 Nf6 3. Nc3 e6 4. e3 Nc6 5. d4 d5 6. cxd5 Nxd5 7. Nxd5 exd5 8.
dxc5 Bxc5 9. Bb5 O-O 10. O-O a6 11. Bxc6 bxc6 12. Nd4 Qd6 13. b3 Bb6 14. Bb2 c5
15. Ne2 Bc7 16. Ng3 Bf5 17. Bxg7 Rfe8 18. Bb2 Bg6 19. Qf3 d4 20. exd4 cxd4 21.
Rad1 Rad8 22. Rxd4 Qb6 23. Rxd8 Rxd8 24. Qc3 f6 25. Qxf6 Qxf6 26. Bxf6 Rd2 27.
Ra1 Bb6 28. Nh1 Kf7 29. Bg5 Re2 30. Be3 Bc7 31. Ng3 Be5 32. Nxe2 Bxa1 33. Bd4
Bxd4 34. Nxd4 Ke7 35. f4 Kf6 36. Kf2 Bh5 37. b4 Be8 38. g4 Bf7 39. a3 h5 40.
g5+ Kg6 41. b5 axb5 42. Nxb5 Kf5 43. Nd6+ Ke6 44. Nxf7 Kxf7 45. f5 h4 46. a4
1-0

[Event "Open Vitrolles 2019-2020"]
[Site "Vitrolles"]
[Date "2019.12.14"]
[Round "4.7"]
[White "Delporte, Clement"]
[Black "Midoux, Malicia"]
[Result "1-0"]
[WhiteElo "1276"]
[BlackElo "1127"]
[PlyCount "55"]

1. e4 d5 2. exd5 Nf6 3. Nc3 c6 4. dxc6 Nxc6 5. Nf3 e5 6. Bb5 Bd6 7. Bxc6+ bxc6
8. d3 h6 9. Be3 O-O 10. Qd2 Kh7 11. h3 Rb8 12. g4 Bxg4 13. hxg4 Nxg4 14. O-O-O
Rb7 15. Rdg1 Nxe3 16. Qxe3 f6 17. Qe4+ Kg8 18. Rxh6 Kf7 19. Qg6+ Ke6 20. Ng5+
Kd7 21. Qf5+ Kc7 22. Ne6+ Kb8 23. Nxd8 Rxd8 24. Rh7 Rdd7 25. Rh8+ Kc7 26. Na4
c5 27. Rxg7 Be7 28. Nxc5 1-0

[Event "Open Vitrolles 2019-2020"]
[Site "Vitrolles"]
[Date "2019.12.14"]
[Round "4.8"]
[White "Benoit-Lizon, Alain"]
[Black "Corrias, Robert"]
[Result "1/2-1/2"]
[WhiteElo "1381"]
[BlackElo "1546"]
[PlyCount "90"]

1. e4 e5 2. Nf3 Nc6 3. Bb5 Nge7 4. Nc3 g6 5. d4 Bg7 6. d5 a6 7. dxc6 axb5 8.
cxd7+ Qxd7 9. O-O Qxd1 10. Rxd1 c6 11. h3 Be6 12. Ng5 Bd7 13. Be3 f6 14. Nf3
Be6 15. b3 Kf7 16. Bb6 g5 17. Ne1 Ng6 18. Nd3 Bf8 19. Ne2 Be7 20. Nc5 Bxc5 21.
Bxc5 Rad8 22. Bb6 Rd7 23. Rxd7+ Bxd7 24. Rd1 Be6 25. Nc1 g4 26. hxg4 Bxg4 27.
f3 Be6 28. Nd3 Ra8 29. Ra1 f5 30. Nc5 Nf4 31. Nxe6 Kxe6 32. exf5+ Kxf5 33. Kf2
Nd5 34. Be3 Nb4 35. g4+ Ke6 36. Rh1 Rxa2 37. Rxh7 Rxc2+ 38. Kg3 Re2 39. Bc5 Nd3
40. Bb6 Nf4 41. Rxb7 Kf6 42. Bd8+ Kg6 43. Rc7 Rg2+ 44. Kh4 Rh2+ 45. Kg3 Rg2+
1/2-1/2

[Event "Open Vitrolles 2019-2020"]
[Site "Vitrolles"]
[Date "2019.12.14"]
[Round "4.9"]
[White "Cens, Alain"]
[Black "Besson, Catherine"]
[Result "1-0"]
[WhiteElo "1428"]
[BlackElo "1062"]
[PlyCount "79"]

1. c4 e5 2. Nc3 Nc6 3. g3 f5 4. Bg2 Nf6 5. e3 Bb4 6. Qc2 Bxc3 7. Qxc3 O-O 8.
Ne2 d5 9. d4 e4 10. Bd2 Qe8 11. Nf4 Qf7 12. cxd5 Nxd5 13. Nxd5 Qxd5 14. O-O Bd7
15. Rfc1 Rf6 16. Bf1 Kh8 17. Bc4 Qd6 18. Qb3 Be6 19. Bc3 Bxc4 20. Qxc4 Ne7 21.
Bb4 Qd7 22. Bxe7 Qxe7 23. Qxc7 Qf7 24. Qxf7 Rxf7 25. Rc3 g5 26. Rac1 Kg7 27.
Rc7 b6 28. Rxf7+ Kxf7 29. Rc6 Re8 30. Rc7+ Re7 31. Rxe7+ Kxe7 32. Kf1 Kd6 33.
Ke2 h5 34. Kd2 a5 35. Kc3 Kd5 36. a4 f4 37. h3 fxg3 38. fxg3 Kc6 39. Kc4 b5+
40. axb5+ 1-0

[Event "Open Vitrolles 2019-2020"]
[Site "Vitrolles"]
[Date "2019.12.14"]
[Round "4.10"]
[White "Biard, Noah"]
[Black "Mars, Florence"]
[Result "1-0"]
[WhiteElo "1203"]
[BlackElo "1272"]
[PlyCount "47"]

1. e4 c5 2. Nf3 g6 3. d4 cxd4 4. Nxd4 Bg7 5. Nc3 Nc6 6. Be3 e6 7. Bb5 Nge7 8.
Qd2 O-O 9. O-O-O a6 10. Bc4 b5 11. Bb3 Bb7 12. h4 h5 13. f3 Na5 14. g4 d5 15.
gxh5 dxe4 16. fxe4 Nxb3+ 17. axb3 b4 18. Nce2 Bxe4 19. Rhg1 a5 20. hxg6 Bxg6
21. Bg5 Qc7 22. Nf4 Nf5 23. Nxf5 Bxf5 24. Bf6 1-0

[Event "Open Vitrolles 2019-2020"]
[Site "Vitrolles"]
[Date "2019.12.14"]
[Round "4.11"]
[White "Misene, Milan"]
[Black "Piquemal, Jean Christophe"]
[Result "1/2-1/2"]
[WhiteElo "1271"]
[BlackElo "1143"]
[PlyCount "72"]

1. d4 d5 2. c4 e5 3. dxe5 d4 4. Nf3 Bb4+ 5. Bd2 Nc6 6. a3 Bxd2+ 7. Nbxd2 f6 8.
exf6 Qxf6 9. h3 Be6 10. b3 Nge7 11. Ne4 Qf4 12. Nc5 Bc8 13. g3 Qd6 14. Nd3 O-O
15. Bg2 Ng6 16. O-O Rb8 17. Re1 Nce7 18. e4 dxe3 19. Rxe3 Nf5 20. Re2 Nd4 21.
Nxd4 Qxd4 22. Nb4 Qc5 23. Nc2 Qb6 24. b4 Kh8 25. Qe1 Bf5 26. Ne3 Qf6 27. Nxf5
Qxf5 28. Rd1 Qf7 29. c5 c6 30. h4 Rbe8 31. Rxe8 Rxe8 32. Qd2 Ne5 33. Qc3 Ng4
34. Qd4 Ne5 35. Qc3 Ng4 36. Qd4 Ne5 1/2-1/2

[Event "Open Vitrolles 2019-2020"]
[Site "Vitrolles"]
[Date "2019.12.14"]
[Round "4.12"]
[White "Hamm, Rodrigue"]
[Black "Bui, Kerian"]
[Result "1-0"]
[WhiteElo "1050"]
[BlackElo "1009"]
[PlyCount "65"]

1. e4 e5 2. Nf3 Nc6 3. Bc4 Nf6 4. d3 d5 5. exd5 Nxd5 6. O-O Bc5 7. Re1 Qe7 8.
Bxd5 Bd7 9. Bxc6 Bxc6 10. Rxe5 Qxe5 11. Nxe5 Bd5 12. Nc3 c6 13. Nxd5 cxd5 14.
Qh5 O-O 15. Nd7 Rfe8 16. Be3 Bxe3 17. fxe3 Rad8 18. Ne5 g6 19. Qh4 Rd6 20. d4
Kg7 21. Rf1 f5 22. Rf3 b5 23. Rh3 h5 24. b4 Rde6 25. Qg5 Rh8 26. Nd3 Rc6 27.
Rf3 Rxc2 28. Rxf5 Rc7 29. Ne5 Rc1+ 30. Kf2 Rc2+ 31. Kf3 Rh6 32. Rf7+ Kg8 33.
Qd8# 1-0

[Event "Open Vitrolles 2019-2020"]
[Site "Vitrolles"]
[Date "2019.12.14"]
[Round "4.13"]
[White "Schoeni, Christine"]
[Black "Rannou, Danielle"]
[Result "0-1"]
[WhiteElo "1199"]
[BlackElo "1199"]
[PlyCount "142"]

1. d4 d5 2. Nc3 e6 3. Nf3 Bb4 4. Bd2 Bxc3 5. Bxc3 Nf6 6. e3 O-O 7. Be2 Nc6 8.
O-O Re8 9. Ne5 Bd7 10. f4 a6 11. b4 b5 12. a3 Ne4 13. Bb2 Nd6 14. Bh5 g6 15.
Be2 Nf5 16. Qd2 Na7 17. c3 Nc8 18. Bc1 Ncd6 19. Bf3 f6 20. Nd3 Nc4 21. Qe2 c6
22. Nc5 e5 23. g4 Nfd6 24. dxe5 fxe5 25. f5 gxf5 26. gxf5 Qg5+ 27. Qg2 Qxg2+
28. Bxg2 Bxf5 29. Rf3 e4 30. Rg3+ Kh8 31. Rg5 Rg8 32. Rxg8+ Kxg8 33. h3 a5 34.
bxa5 Rxa5 35. a4 bxa4 36. Nxa4 Nb7 37. Bf1 Nc5 38. Bxc4 dxc4 39. Bb2 Nxa4 40.
Rb1 Nxb2 41. Rxb2 Bxh3 42. Kh2 Be6 43. Rb6 Bd5 44. Rb8+ Kg7 45. Kg3 Ra3 46.
Rb7+ Kg6 47. Kf4 Rxc3 48. Rb1 Rc2 49. Rg1+ Kf6 50. Rh1 Kg6 51. Rg1+ Kf6 52. Rh1
Kg7 53. Rg1+ Kh8 54. Ra1 Rf2+ 55. Ke5 c3 56. Ra8+ Kg7 57. Ra7+ Kh6 58. Ra1 c2
59. Rc1 Kg5 60. Kd4 Kg4 61. Kc3 h5 62. Rg1+ Kf3 63. Kd4 Ke2 64. Rc1 Kf3 65. Rh1
Kg2 66. Rc1 h4 67. Kc3 h3 68. Kb2 h2 69. Re1 h1=Q 70. Rxh1 Kxh1 71. Kc1 c5 0-1

[Event "Open Vitrolles 2019-2020"]
[Site "Vitrolles"]
[Date "2020.01.11"]
[Round "5.1"]
[White "Scamaroni, Jean-Paul"]
[Black "Thiers, Jean-Jacques"]
[Result "1/2-1/2"]
[WhiteElo "1478"]
[BlackElo "1523"]
[PlyCount "78"]

1. d4 Nf6 2. c4 e6 3. Nc3 Bb4 4. Qc2 c5 5. dxc5 Nc6 6. Nf3 O-O 7. Bg5 Bxc5 8.
a3 h6 9. Bxf6 Qxf6 10. Ne4 Qf5 11. Rc1 Be7 12. c5 b6 13. cxb6 axb6 14. e3 Qa5+
15. Ned2 Bb7 16. Be2 Rfc8 17. Qb1 Ne5 18. O-O Nxf3+ 19. Nxf3 Bc6 20. Nd4 Bd5
21. Rxc8+ Rxc8 22. Rc1 Rxc1+ 23. Qxc1 Qc5 24. Qd2 Bf6 25. b4 Qc8 26. Nb5 Bc6
27. Na7 Qa8 28. Nxc6 dxc6 29. Qc1 Qb7 30. Bf3 Qc7 31. Bxc6 Bb2 32. Qxb2 Qxc6
33. h3 b5 34. Qd2 Qc4 35. Qd8+ Kh7 36. Qa5 Qe2 37. g3 Qd1+ 38. Kg2 Qd5+ 39. Kh2
Qf3 1/2-1/2